书目信息 |
| 题名: |
肉鸭稻田生态种养新技术
|
|
| 作者: | 傅志强 , 龙攀 , 徐莹 , 余政军 编著 | |
| 分册: | ||
| 出版信息: | 长沙 湖南科学技术出版社 2020.06 |
|
| 页数: | 147页 | |
| 开本: | 21cm | |
| 丛书名: | 家庭农场生态种养丛书 | |
| 单 册: | ||
| 中图分类: | S834 | |
| 科图分类: | ||
| 主题词: | 肉用鸭--rou yong ya--稻田--生态养殖 | |
| 电子资源: | ||
| ISBN: | 978-7-5710-0431-6 | |
| 000 | 01119nam 2200301 450 | |
| 001 | CAL 0120203025654 | |
| 005 | 20230217093113.0 | |
| 010 | @a978-7-5710-0431-6@dCNY28.00 | |
| 100 | @a20200714d2020 em y0chiy0120 ea | |
| 101 | 0 | @achi |
| 102 | @aCN@b430000 | |
| 105 | @aa z 000yy | |
| 106 | @ar | |
| 200 | 1 | @a肉鸭稻田生态种养新技术@Arou ya dao tian sheng tai zhong yang xin ji shu@f傅志强 ... [等] 编著 |
| 210 | @a长沙@c湖南科学技术出版社@d2020.06 | |
| 215 | @a147页@c图@d21cm | |
| 225 | 2 | @a家庭农场生态种养丛书@Ajia ting nong chang sheng tai zhong yang cong shu |
| 304 | @a题名页题其余责任者: 龙攀, 徐莹, 余政军 | |
| 330 | @a本书主要介绍稻田常见的肉鸭品种、肉鸭生产流程、鸭舍的建筑要求、肉鸭的饲养管理、种鸭的饲养管理、肉鸭种蛋的人工孵化以及肉鸭常见病的防治。 | |
| 410 | 0 | @12001 @a家庭农场生态种养丛书 |
| 606 | 0 | @a肉用鸭@Arou yong ya@x稻田@x生态养殖 |
| 690 | @aS834@v5 | |
| 701 | 0 | @a傅志强@Afu zhi qiang@4编著 |
| 701 | 0 | @a龙攀@Along pan@4编著 |
| 701 | 0 | @a徐莹@Axu ying@4编著 |
| 701 | 0 | @a余政军@Ayu zheng jun@4编著 |
| 801 | 0 | @aCN@bBJXHZP@c20230228 |
| 905 | @b1407463-6@dS834@e229@f4 | |
| 肉鸭稻田生态种养新技术/傅志强 ... [等] 编著.-长沙:湖南科学技术出版社,2020.06 |
| 147页:图;21cm.-(家庭农场生态种养丛书) |
| ISBN 978-7-5710-0431-6:CNY28.00 |
| 本书主要介绍稻田常见的肉鸭品种、肉鸭生产流程、鸭舍的建筑要求、肉鸭的饲养管理、种鸭的饲养管理、肉鸭种蛋的人工孵化以及肉鸭常见病的防治。 |
| ● |
| 相关链接 |
|
|
|
|
正题名:肉鸭稻田生态种养新技术
索取号:S834/229
 
预约/预借
| 序号 | 登录号 | 条形码 | 馆藏地/架位号 | 状态 | 备注 |
| 1 | 1407463 | 214074632 | 第二样本阅览室/ [索取号:S834/229] | 在馆 | |
| 2 | 1407464 | 214074641 | 第三借阅区/ [索取号:S834/229] | 在馆 | |
| 3 | 1407465 | 214074650 | 第三借阅区/ [索取号:S834/229] | 在馆 | |
| 4 | 1407466 | 214074669 | 第三借阅区/ [索取号:S834/229] | 在馆 |